000 00522nam a2200181Ia 4500
005 20250508163710.0
008 008 250505s9999 xx 000 0 eng d
037 _aTextual
040 _aFEDL
_beng
_cFEDL
041 _aeng
_2eng
084 _a001.42, GHO
_qFEDL
100 _aGhosh B N
245 0 _aScientific method and social research
260 _aNew Delhi, India
_bSterling Publishers Private Limited
_c1992
300 _axv, 313p.
942 _cTEXL
_h001.42, GHO
999 _c1384774
_d1384774